Abriß der Allgemeinen Weltgeschichte für die Jugend und Jhre Freunde Erster Theil

Podrobná bibliografia
Hlavný autor: Raff, Georg Christian, 1748-1788 (Autor, Dedikátor)
Médium: Kniha
Jazyk:nemčina
Fyzický popis:7 nečíslovaných listov, 304 strán 8° 20 x 12 cm
Vydavateľské údaje: Göttingen im Verlag der Witwe Vandenhỏk 1787
Predmet:

MARC

LEADER 00000nam a2200000 4500
001 vtls012288246
003 SK-MaSNL
005 20260301193100.0
008 251201s1787 gw f 010 0 ger
015 |a SNBHFA 
040 |a SNKHF  |b slo  |c SNKHF  |e rda 
041 0 |a ger 
044 |a gw  |c DE 
072 7 |a 82  |x Literatúra. Literárny život  |2 konspekt 
080 |a 82  |2 2011 
080 |a 94(100)  |2 2011 
100 1 |a Raff, Georg Christian,  |d 1748-1788  |4 aut  |4 dto  |9 54772 
245 1 0 |a Abriß der Allgemeinen Weltgeschichte für die Jugend und Jhre Freunde  |n Erster Theil  |c M. Georg Christian Raff's, ordentlichen Lehrers der Geschichte und Erdbeschreibung auf dem Lyceum zu Göttingen 
264 1 |a Göttingen  |b im Verlag der Witwe Vandenhỏk  |c 1787 
300 |a 7 nečíslovaných listov, 304 strán  |c 8°  |c 20 x 12 cm 
336 |a text  |b txt  |2 rdacontent 
337 |a bez média  |b n  |2 rdamedia 
338 |a zväzok  |b nc  |2 rdacarrier 
500 |a Vinety, vlysy, ozdobné iniciálky na 2 riadky 
501 |a Príväzok 1.: RAFF, Georg Christian. Abriß der Allgemeinen Weltgeschichte. Zweiter Theil. Göttingen: im Verlag der Vandenhỏk Buchhandlung, 1787. 8°.  |5 SNK ID 104038/1-2/prív.1 
504 |a Poznámky pod čiarou, kustody 
546 |a Nemčina  |b Fraktura 
561 |a Proveniencia: pečiatka: Dr. E. Kadarász- ver. not. Poz. Margity Zayovej Čís. 13917.  |5 SNK ID 104038/1-2 
563 |a Väzba: zelená papierová.  |5 SNK ID 104038/1-2 
650 0 7 |a literatúra  |2 SNKPH  |9 1427 
650 0 7 |a svetové dejiny  |2 SNKPH  |9 4037 
700 1 |a Zaiová, Margita,  |d 1868-1937  |4 fmo  |5 SNK ID 104038/1-2  |9 186369 
700 1 |a Kadarász, Ernest  |4 oth  |9 302455 
700 1 |a Parry, Anna,  |d 1709 - 1787  |4 pbl  |9 513225 
700 1 |a Pütter, Johann Stephan  |d 1725-1807  |4 hnr  |9 65526 
710 0 |a Parry, Anna (Göttingen, Nemecko),  |d 1747 - 1787  |4 pbl  |9 513226 
752 |a Nemecko  |d Göttingen 
852 |a snk  |b Zaiova knižnica  |p ID 104038/1-2 
958 |a DD 
958 |a ONDV 
999 |c 875960  |d 877890 
952 |t Zay 12819; Z 14950  |a SNK  |b SNK  |c SNK_HF  |y PREZ  |7 0  |p 17A1568638  |o snkID 104038/1-2  |i snk2025/19388  |8 5  |0 0  |1 0  |4 0  |d 2025-12-01  |l 0  |r 2026-02-24 05:57:35  |w 2026-02-24